Friends Titles: Roald Dahl Quiz Stats

 Plays Quiz Updated Feb 23, 2017

Support Sporcle.
Go Orange.
Score 0/16 Timer 06:00
1 Play Today
% Correct
Matilda
72%
George's Marvellous Medicine
67.8%
Charlie and the Great Glass Elevator
64.5%
Charlie and the Chocolate Factory
59.7%
The Witches
54.4%
The BFG
51.9%
Fantastic Mr Fox
47.8%
Danny, the Champion of the World
37.4%
% Correct
Esio Trot
37.2%
The Enormous Crocodile
35.3%
James and the Giant Peach
32.8%
The Twits
32.5%
The Giraffe and the Pelly and Me
28.7%
The Gremlins
20.1%
The Vicar of Nibbleswicke
19.3%
The Magic Finger
19.1%

You're not logged in!

Compare scores with friends on all Sporcle quizzes.
OR
Log In
Forgot?

From the Vault

Country Capital Initials

by wiggytitch

What's in YOUR wallet!?! Oh wait, wrong Capital.
Remove Ads.
Support Sporcle.
Get the best of Sporcle when you Go Orange. This ad-free experience offers more features, more stats, and more fun while also helping to support Sporcle. Thank you for becoming a member.

Show Comments

Extras

Top Quizzes Today


Score Distribution

Your Account Isn't Verified!

In order to create a playlist on Sporcle, you need to verify the email address you used during registration. Go to your Sporcle Settings to finish the process.

Report this User

Report this user for behavior that violates our Community Guidelines.

Details: